Open Data Biblioteca Nacional de Portugal


República Portuguesa: Ministério da Cultura
Biblioteca Nacional de Portugal

Catálogo da BNP: acesso por Identificadores Unívocos
Registos Bibliográficos associados ao registo de autoridade

Etiqueta de registo: 00000nam 2200025 450
001 1892094
003 http://id.bnportugal.gov.pt/bib/catbnp/1892094
100 ## $a20150108d2013 k y0pory01030103ba
101 0# $aeng$dpor
102 ## $aPT
105 ## $aa m 000yy
106 ## $ar
200 1# $a A bio-inspired architecture for adaptive quadruped locomotion over irregular terrain$fVítor Emanuel da Silva Matos$gorient. Cristina Manuela Peixoto Santos
210 #9 $a[Braga$cs.n.],$d2013
215 ## $aXII, 208 p.$cil.$d30 cm
320 ## $aBibliografia, p. 187-202
328 #1 $aTese dout. Engenharia Electrónica e de Computadores, Univ. do Minho, 2013
675 ## $a621.33(043)$vBN$zpor$31245397
675 ## $a681.58(043)$vBN$zpor$3408358
675 ## $a007(043)$vBN$zpor$3480725
700 #1 $aMatos,$bVítor Emanuel da Silva$31596674
702 #1 $aSantos,$bCristina Manuela Peixoto$4727$31596673
801 #0 $aPT$bBN$gRPC
966 ## $lBN$mFGMON$sS.A. 156325 V.$x1

OpendataBNP@bnportugal.pt | Mais informação sobre acesso aos dados BNP